Normal view
MARC view
- Rehan Khalil Muhammad Habibullah Anwar
Entry Personal Name
001 - CONTROL NUMBER
- control field: 85462
003 - CONTROL NUMBER IDENTIFIER
- control field: NUST
005 - DATE AND TIME OF LATEST TRANSACTION
- control field: 20211202155650.0
008 - FIXED-LENGTH DATA ELEMENTS
- fixed length control field: 211202|| aca||aabn | a|a d
040 ## - CATALOGING SOURCE
- Original cataloging agency: NUST
- Transcribing agency: NUST
100 ## - HEADING--PERSONAL NAME
- Personal name: Rehan Khalil Muhammad Habibullah Anwar
670 ## - SOURCE DATA FOUND
- Source citation: Work cat.: (NUST): Rehan Khalil Muhammad Habibullah Anwar , PR-SOF-2015-Development of Automated Piezoelectric Gripper for Manipulation of Micro Objects, 2021.
